00550nam a2200193 i 4500001001100000003000500011005001700016008004100033040002500074082001700099100003100116245004900147264005200196300002300248336002100271337002500292338002300317650001600340C2-0109098PPAK20180727102809.0970619s1973 my |||| ||||| | may d aPPAKbengcPPAKerda04a923.25952230 aAzizah bt. Kasah, eauthor10aWawancara dengan Y.B. Tan Sri Fatimah Hashim 1aKuala Lumpur : bArkib Negara Malaysia , c1973 a64 pages ; c26 cm 2rdacontentatext 2rdamediaaunmediated 2rdacarrieravolume10aPoliticians